| 000 | 00591nam a2200169 4500 | ||
|---|---|---|---|
| 001 | 143269 | ||
| 003 | ES-MaACL | ||
| 005 | 20230906200751.0 | ||
| 007 | t| | ||
| 008 | 070214s1911 fr r ||||1| fre d | ||
| 100 | 1 |
_aSenancour, Etienne de. _9105436 |
|
| 245 | 1 | 0 |
_aDe l'amour selon les lois primordiales et selon les convenances des societés modernes / _cEtienne de Sénancour ; avec avertissement de l'editeur C. A. V. de Boisjoslin. |
| 260 |
_aParis : _bChartres, _c1911. |
||
| 300 |
_aX, 414 p. ; _c15 cm. |
||
| 700 | 1 |
_aBoisjoslin, C. A. V. de. _929861 |
|
| 852 |
_aES-MaACL _jG-13377 |
||
| 999 |
_c143269 _d143269 |
||